000 00337nam a2200133Ia 4500
008 240624s9999 xx 000 0 und d
041 _aeng
082 _a658.5 KUM
100 _aKUMAR ARUN
245 _aOPERATIONS MANAGEMENT
260 _c2014
_aNew Delhi
_bCengage Learning
300 _axxiii, : 851 : p. : cm. ; 26
365 _cRS
_b31
999 _c25181
_d25181